000 00613nam a2200241Ia 4500
003 OSt
005 20221007081803.0
006 a|||||r|||| 00| 0
007 ta
008 221006b |||||||| |||| 00| 0 eng d
024 _a15,675
037 _cTextual
040 _aFLL
_cFLL
_beng
041 _2eng
_aeng
082 _aX61:Z, J3;1
100 _aMann F.A.
_9127184
245 0 _aLegal aspect of money
250 _a2nd
260 _aOxford
_bThe Clarendon Press Oxford
_c1953
300 _axxxiv,488p
_ccm.
942 _hX61:Z, J3;1
_cTEXL
_2CC
999 _c1164266
_d1164266